| 000 | 00502nam a2200205Ia 4500 | ||
|---|---|---|---|
| 005 | 20240823035918.0 | ||
| 008 | 240823s9999||||xx |||||||||||||| ||und|| | ||
| 020 | _a0 304 30612 6 | ||
| 041 | _aENGLISH | ||
| 082 | _A620.110257 M9 | ||
| 100 | _aGayler J F W | ||
| 245 | 0 | _aMetrology For Engineers | |
| 250 | _a4th | ||
| 260 |
_c1989 _b"Cassel,Eastbourne" |
||
| 500 | _aTRANSFERED | ||
| 650 |
_aMetrology _bAeronautical Engineering |
||
| 700 | _a Shotbolt C R | ||
| 942 | _cBK | ||
| 999 |
_c201822 _d201822 |
||